| 000 | 00596nam a2200193Ia 4500 | ||
|---|---|---|---|
| 003 | IN-BaIIA | ||
| 008 | 211028s9999 xx 000 0 eng d | ||
| 020 | _a0-387-96146-1 | ||
| 040 | _cIIA Library | ||
| 080 |
_a512.8 _bKRI |
||
| 100 |
_aKrishnamurthy, E. V. _915320 |
||
| 245 | 0 |
_aError-free polynomial matrix computations _cE. V. Krishnamurthy |
|
| 260 |
_aNew York _bSpringer-Verlag _c1985 |
||
| 300 | _axv, 154p. | ||
| 490 | _aTexts and Monographs in Computer Science | ||
| 650 |
_aData Processing _94335 |
||
| 650 | _aNASA Thesaurus | ||
| 942 | _cBK | ||
| 999 |
_c9125 _d9125 |
||